[Event "BCF-chT3S 1213 (4NCL)"]
[Site "England"]
[Date "2012.11.03"]
[Round "1.206"]
[White "Lettington, David"]
[Black "Bullen, Alex"]
[Result "0-1"]
[WhiteElo "1726"]
[BlackElo "1821"]
[PlyCount "50"]
[EventDate "2012.11.03"]
[EventType "team-swiss"]
[EventRounds "6"]
[EventCountry "ENG"]
[SourceTitle "EXT 2014"]
[Source "ChessBase"]
[SourceDate "2013.11.20"]
[SourceVersion "1"]
[SourceVersionDate "2013.11.20"]
[SourceQuality "1"]
[WhiteTeam "e2e4.org.uk IV"]
[BlackTeam "Rhyfelwyr Essyllwg II"]
[WhiteTeamCountry "ENG"]
[BlackTeamCountry "ENG"]

1. g3 d5 2. Bg2 Nf6 3. Nf3 c6 4. 0-0 Bf5 5. d3 Nbd7 6. Nbd2 e6 7. Qe1 h6 8. e4 dxe4 9. dxe4 Bh7 10. c3 Be7 11. Qe2 0-0 12. Ne1 Qc7 13. f4 Rad8 14. Kh1 Nc5 15. a4 Qd7 16. b4 Nd3 17. Nxd3 Qxd3 18. Qxd3 Rxd3 19. Ra3 Rfd8 20. e5 Ng4 21. Ne4 Ne3 22. Bxe3 Rxe3 23. Nf2 Bxb4 24. Rb3 a5 25. Nd1 Red3 0-1